Excel VBA programming for dummies

Gespeichert in:
Bibliographische Detailangaben
1. Verfasser: Walkenbach, John
Format: Buch
Sprache:Englisch
Veröffentlicht: Hoboken John Wiley & Sons 2015
Ausgabe:4th ed.
Schriftenreihe:For Dummies: A Wiley Brand
Schlagworte:
Tags: Tag hinzufügen
Keine Tags, Fügen Sie das erste Tag hinzu!

MARC

LEADER 00000nam a2200000 4500
001 0237540
005 20240314122924.8
020 |a 978-1-119-07739-8 
041 0 |a eng 
044 |a US 
245 1 0 |a Excel VBA programming for dummies  |c John Walkenbach 
250 |a 4th ed. 
264 1 |a Hoboken  |b John Wiley & Sons  |c 2015 
300 |a 391 s. 
490 1 |a For Dummies: A Wiley Brand 
830 0 |a For Dummies: A Wiley Brand 
610 2 0 |a softvér 
610 2 0 |a programovanie 
610 2 0 |a jazyky programovacie 
610 2 0 |a grafika počítačová 
100 1 |a Walkenbach, John